MDQL
is popping MORE tags! Check the
thread
!
Quizzes
Events
Quiz Creation
Community
Videos
Private Events
Remove Ads
Sign In
Join for FREE
Feedback
Dark Mode
Quiz Categories
Sports
Geography
Music
Movies
Television
Just For Fun
Miscellaneous
History
Literature
Language
Science
Gaming
Entertainment
Religion
Holiday
For Kids
Quiz Lab
Recent
Popular Today
Quiz Kudos Today
Editor Picks
Curator Picks
Quizzes by...
Day
Popularity
Type
Ratings
Length
Year
Community
Subscriptions
Recent Discussions
Orange Saloon
Badges
Playlists
Quests
Create
Leaderboards
Showdown
Live 5
Trivia Bingo
Activity
Puzzle Library
Sporcle Events
Private Events
Virtual Trivia
Globe League
Become a Host
Pub Owners
SporcleCon
Opinionation
Our Games
Videos
Blog
Mobile Apps
Partnerships
Remove Ads and Go Orange
Feedback
Gaming
Video Games
Board Games
Card Games
Pokémon
Mario
Nintendo
Minecraft
Console
Toys
Legend of Zelda
Gaming
Video Games
Board Games
Card Games
Pokémon
Mario
Nintendo
Minecraft
Console
Toys
Legend of Zelda
Random Quiz
Search Sporcle
×
Curator Pick
Curator Pick
Gaming
Video Games
Type in answers that appear in a list
Type in answers that appear in a list
Classic
Best Score? Go Orange.
Profile: Yoshi Stats
Can you name the following facts about Yoshi?
By
Big_Giant
3m
20 Questions
3,046 Plays
3,046 Plays
3,046 Plays
Comments
Comments
Give Quiz Kudos
Give Quiz Kudos
-
- Ratings
hide this ad
Replay
Link that replays current quiz
Next Quiz
Link to next quiz in quiz playlist
You Got
0%
They Got
Avg Score
52%
Avg Friend Score
Upgrade to see
Score Distribution
Jump to the score distribution portion of the page
Score
0/20
Timer
03:00
1
Play Today
Hint
Answer
% Correct
Developing Company
Nintendo
93.9%
What kind of animal is Yoshi?
Dinosaur
78.6%
Number of different colors Yoshi comes in
12 (Blue, Black, Brown, Green, Light Blue, Magenta, Orange, Pink, Purple, Red, White & Yellow)
72.7%
Symbol in Smash Bros. series
Egg
68.1%
Debut System
Super Nintendo Entertainment System
66.7%
Debut Year
1990
65.7%
Native Island
Yoshi's Island; They are not native inhabitants of either Lavalava Island or Isle Delfino
65.6%
What is the name of the masked enemies that frequently appear in Yoshi games?
Shy Guys
65.5%
Debut Game
Super Mario World
62.2%
Who is Yoshi's partner in Mario Kart Double Dash?
Birdo
59.9%
Hint
Answer
% Correct
Yoshi was originally intended to be introduced in which game?
Super Mario Bros; was not included due to the limitations of the NES
56.4%
Genre of game
Platformer
55.1%
Created by
Shigeru Miyamoto
47.4%
In Yoshi's Island, what is the name of the Magikoopa that tries to thwart Yoshi?
Kamek
46.5%
What is the name of Yoshi's hovering jump?
Flutter Jump
40.3%
In Yoshi's Story what are the two hidden Yoshi colors?
Black and White
32.9%
In Super Smash Bros. Brawl, what is Yoshi's Final Smash called?
Super Dragon
30%
In Mario Kart 64, what is the name of Yoshi's course?
Yoshi's Valley
25%
Yoshi's name was translated in some early Japanese material as _
_
_
_
Yossy
6.9%
Designed by
Shigefumi Hino
3.6%
Quiz Playlist
Details
Report
Send in Message
Add To Playlist
Classic:
Type in answers that appear in a list
Quiz Source
Last Updated: Apr 3, 2017
Curator Pick in
Nintendo
Quiz Scoreboard
CHALLENGE
Sign Up to Join the Scoreboard
Show All
Scores
Hide
Comments
May contain spoilers
Recently Published
Holiday 10x10 Sorting Gallery
by lukepisani3
Holiday
15m
Two Season TV Shows II
by 123Four
Television
10m
Image Sorting: Flags VI
by Barbecue
Geography
2m
More to Explore
Quiz From the Vault
Featured Blog Post
14 Easter Pick-up Lines to Find Eggs With
hide this ad
You Might Also Like...
Tags
Mario Quiz
Nintendo Quiz
Video Games Quiz
Character
Nintendo Games
profile
Yoshi
Today's Top Quizzes in Gaming
Browse Gaming
hide this ad
Today's Top Quizzes in Video Games
Browse Video Games
Top Contributed Quizzes in Gaming
1
League of Legends Pro Players by Career/Team History
2
Genshin Impact Logic Puzzle
3
Destiny 2 exotic weapons by perk icons
4
Genshin murder mystery
5
4x4 Decades: Video Games
6
Genshin Impact Logic Puzzle Quiz
7
Ultimate Genshin Impact Logic Puzzle (up to 4.3)
8
Dead By Daylight Logic Puzzle
9
Who's on the WWE 2K24 Cover?
10
Overwatch Logic Puzzle
Explore More
Trending Topics
Disney
Anime
Kpop
Harry Potter
Crossword
NBA
Marvel
NFL
Song
Pokémon
Country
Soccer
Puzzle
The Office
WWE
hide this ad
More By:
Big_Giant
Quiz
Plays
Rating
Category
Featured
Created
Profile: Yoshi
3,046
4.35
Gaming
Jan 7, 2011
Profile: Pokemon
2,111
3.95
Gaming
Jan 7, 2011
Profile: Cloud Strife
695
4.29
Gaming
Jan 7, 2011
Profile: Solid Snake
281
3.00
Gaming
Jan 7, 2011
Profile: Samus Aran
249
4.17
Gaming
Jan 7, 2011
Go to Creator's Profile
Score Distribution
Quiz Creator Spotlight
Big_Giant
Follow
Send a Message
Quizzes Created
-
Created Quiz Play Count
-
More By This Creator
Popular Quizzes Today
1
Find the US States - No Outlines Minefield
2
Colored Red Africa Blitz
3
Find the 'City' Movie
4
The Countries of the World
5
5x2 Blitz: Bands
6
Find the Countries of Europe - No Outlines Minefield
7
Find the US States
8
US States
More Gaming Quizzes
Get the Picture: Fortnite vs PUBG
Editor's Pick
Trending Quizzes
Colored Red Europe Blitz I
Colored Red Africa Blitz II
Colored Red Europe Blitz II
Even More Two Season TV Shows
Colored Red Africa Blitz III
Recently Updated
Quick Pick: 20 Twenties
pecheneg
March Madness Men's Triple Doubles
pecheneg
How Do You Spell That?
pecheneg
Godzilla Movies
pecheneg
Grab Bag: 4-10 Letters
pecheneg
2024 March Madness Bracket
pecheneg
Famous TV Couples
Peacemaker
Champions League XIs: Real Madrid
pecheneg
Largest US Cities 1790-2010
pecheneg
Rides in Walt Disney World
pecheneg
Trending Topics
Harry Potter
Disney
Kpop
NBA
Crossword
Marvel
Anime
Puzzle
Song
Pokémon
Country
The Office
NFL
WWE
Soccer
Your Account Isn't Verified!
In order to create a playlist on Sporcle, you need to verify the email address you used during registration. Go to your
Sporcle Settings
to finish the process.
Report this User
Report this user for behavior that violates our
Community Guidelines
.
Details:
Send Report
Go to the Sporcle.com Mobile Site →
Comments